Normal view
MARC view
- Baqar, Syed Ali
Entry Personal Name
001 - CONTROL NUMBER
- control field: 28043
003 - CONTROL NUMBER IDENTIFIER
- control field: NUST
005 - DATE AND TIME OF LATEST TRANSACTION
- control field: 20200126110346.0
008 - FIXED-LENGTH DATA ELEMENTS
- fixed length control field: 200126|| aca||aabn | a|a d
040 ## - CATALOGING SOURCE
- Original cataloging agency: NUST
- Transcribing agency: NUST
100 ## - HEADING--PERSONAL NAME
- Personal name: Baqar, Syed Ali
670 ## - SOURCE DATA FOUND
- Source citation: Work cat.: (NUST): Baqar, Syed Ali, Naqoosh-e-Irfan /, 2010.
